Glosario de términos comúnmente usados en biotecnología /

Zapisane w:
Opis bibliograficzny
Format: Książka
Język:hiszpański
Wydane: México : International Life Sciences Institute : Sociedad Mexicana de Biotecnología y Bioingeniería : Universidad Autónoma Metropolitana, 2000, c2000
Hasła przedmiotowe:
Etykiety: Dodaj etykietę
Nie ma etykietki, Dołącz pierwszą etykiete!

MARC

LEADER 00000nam^a2200000^a^4500
001 000184442
005 20250521000000.0
009 20260310102115.95
020 |a 1-57881-089-2 
037 |a Acervo ITESO - Biblioteca 
041 |a ESP 
082 |a 660. 603  |b GLO 
245 1 0 |a Glosario de términos comúnmente usados en biotecnología /  |c Pról. de Enrique Galindo Fentanes. 
264 4 |a México :  |b International Life Sciences Institute :  |b Sociedad Mexicana de Biotecnología y Bioingeniería :  |b Universidad Autónoma Metropolitana,  |c 2000, c2000 
300 |a [36 p.] 
336 |a texto  |b txt  |2 rdacontenido 
337 |a sin mediación  |b n  |2 rdamedio 
338 |a volumen  |b nc  |2 rdasoporte 
546 |a Edición bilingüe español-inglés 
649 |a XX 
650 |a Biotecnología -  |x Enciclopedias y Diccionarios 
650 |a Enciclopedias y Diccionarios 
910 |a Fondo General 
920 |a Impresos - Libros 
930 |a Colección General 
905 |a 101 
901 |a 0500125266  |b IT1  |c ACC  |u 20250521 
902 |a https://opac.biblio.iteso.mx/vufind/Record/000184442